[Event "Trieste op-A 06th"]
[Site "Trieste"]
[Date "2004.09.12"]
[Round "9"]
[White "Zorat, Paolo"]
[Black "Oblak, Mitja"]
[Result "1/2-1/2"]
[WhiteElo "2000"]
[BlackElo "1556"]
[PlyCount "115"]
[EventDate "2004.09.04"]
[EventType "swiss"]
[EventRounds "9"]
[EventCountry "ITA"]
[SourceTitle "CBM 102 Extra"]
[Source "ChessBase"]
[SourceDate "2004.11.03"]
[SourceVersion "1"]
[SourceVersionDate "2004.11.03"]
[SourceQuality "1"]

1. d4 d5 2. c4 c6 3. Nf3 Nf6 4. Nc3 e6 5. Bg5 Be7 6. e3 Nbd7 7. Qc2 0-0 8. Rd1 a5 9. Bd3 dxc4 10. Bxc4 b5 11. Bd3 Qb6 12. 0-0 Ba6 13. Bxh7+ Kh8 14. Bd3 b4 15. Na4 Bxd3 16. Qxd3 Qb5 17. Qc2 Rfc8 18. Rc1 c5 19. Bxf6 gxf6 20. b3 cxd4 21. Qxc8+ Rxc8 22. Rxc8+ Kg7 23. Nxd4 Qb7 24. Rfc1 Bd6 25. R8c6 Be5 26. Nc5 Nxc5 27. R1xc5 Bxd4 28. exd4 Qd7 29. d5 exd5 30. Rc1 d4 31. R6c2 a4 32. Rd2 axb3 33. axb3 Qd5 34. Rd3 Qe4 35. Rcd1 Qd5 36. f3 f5 37. Kf2 Kf6 38. g3 Kg5 39. Rc1 f4 40. h4+ Kg6 41. g4 Qa5 42. Rc6+ Kg7 43. Rc2 Qa1 44. h5 Qb1 45. Rcd2 Qh1 46. Rd1 Qh2+ 47. Ke1 Qg1+ 48. Kd2 Qf2+ 49. Kc1 Qa2 50. R1d2 Qa1+ 51. Kc2 Qa2+ 52. Kd1 Qb1+ 53. Ke2 Qg1 54. Rd1 Qg2+ 55. Ke1 Qg1+ 56. Kd2 Qf2+ 57. Kc1 Qa2 58. R1d2 1/2-1/2

[Event "Trieste op-A 06th"]
[Site "Trieste"]
[Date "2004.09.11"]
[Round "8"]
[White "Laco, Giuseppe"]
[Black "Oblak, Mitja"]
[Result "0-1"]
[WhiteElo "2107"]
[BlackElo "1556"]
[PlyCount "180"]
[EventDate "2004.09.04"]
[EventType "swiss"]
[EventRounds "9"]
[EventCountry "ITA"]
[SourceTitle "CBM 102 Extra"]
[Source "ChessBase"]
[SourceDate "2004.11.03"]
[SourceVersion "1"]
[SourceVersionDate "2004.11.03"]
[SourceQuality "1"]

1. c4 c5 2. Nc3 Nf6 3. e4 Nc6 4. f4 d6 5. d3 Bg4 6. Qd2 g6 7. h3 Bd7 8. Nf3 Bg7 9. Qf2 e6 10. Be3 b6 11. g4 a6 12. Bg2 Rb8 13. 0-0 0-0 14. e5 dxe5 15. Nxe5 Nxe5 16. fxe5 Ne8 17. Bf4 Bc8 18. Rad1 Bb7 19. d4 cxd4 20. Qxd4 Bxg2 21. Qxd8 Rxd8 22. Kxg2 Nc7 23. Ne4 b5 24. b3 bxc4 25. bxc4 a5 26. g5 Na6 27. a3 Rc8 28. Rd4 Nc5 29. Nd6 Rc6 30. Rb1 Nd7 31. Rb5 Rc5 32. Rxc5 Nxc5 33. Nb5 Rc8 34. Kf3 a4 35. h4 Nb3 36. Re4 Nc5 37. Re3 Nd7 38. Nd6 Rc5 39. Ne4 Rxc4 40. Nf6+ Nxf6 41. exf6 Bf8 42. Rd3 Rc8 43. Be3 Rb8 44. Ke4 Ra8 45. Kf3 Rb8 46. Ke2 Rc8 47. Kd2 Rc6 48. Ke2 Rc2+ 49. Kd1 Rc6 50. Bd2 Rd6 51. Rc3 Rd8 52. Kc2 Bd6 53. Bc1 Kf8 54. Rc4 Ra8 55. Kb2 Be5+ 56. Ka2 Ke8 57. h5 Kd7 58. hxg6 hxg6 59. Be3 Rb8 60. Bd4 Kd6 61. Rxa4 Bxd4 62. Rxd4+ Ke5 63. Rd7 Rf8 64. Rb7 Kf4 65. Kb3 Kxg5 66. a4 Kxf6 67. a5 Ra8 68. Ka4 g5 69. Rb4 Kf5 70. Rb7 f6 71. Rg7 e5 72. Kb5 Kf4 73. a6 e4 74. Kb6 e3 75. Re7 f5 76. Kb7 Rg8 77. a7 Kf3 78. Rc7 e2 79. Rc8 Rxc8 80. Kxc8 e1Q 81. a8Q+ Qe4 82. Qa3+ Kg4 83. Qc1 f4 84. Qg1+ Kh5 85. Qh2+ Kg6 86. Kd7 g4 87. Qh4 Qd5+ 88. Kc7 Qf7+ 89. Kb8 Kf5 90. Qf2 Qe8+ 0-1

[Event "Trieste op-A 06th"]
[Site "Trieste"]
[Date "2004.09.06"]
[Round "3"]
[White "Oblak, Mitja"]
[Black "Devetak, Robert"]
[Result "1-0"]
[WhiteElo "1556"]
[BlackElo "1488"]
[PlyCount "67"]
[EventDate "2004.09.04"]
[EventType "swiss"]
[EventRounds "9"]
[EventCountry "ITA"]
[SourceTitle "CBM 102 Extra"]
[Source "ChessBase"]
[SourceDate "2004.11.03"]
[SourceVersion "1"]
[SourceVersionDate "2004.11.03"]
[SourceQuality "1"]

1. d4 Nf6 2. c4 e6 3. Nc3 d5 4. Bg5 Be7 5. e3 h6 6. Bh4 0-0 7. Nf3 b6 8. Be2 Nbd7 9. 0-0 Bb7 10. cxd5 exd5 11. Rc1 c5 12. b3 Rc8 13. dxc5 bxc5 14. Rc2 Re8 15. Bb5 a6 16. Bxf6 Bxf6 17. Ba4 Bxc3 18. Rxc3 Re7 19. Qc2 Qb6 20. Rc1 Bc6 21. Bxc6 Rxc6 22. Ne1 Re8 23. Nd3 Rec8 24. Nf4 Nf6 25. Qf5 Qd8 26. Rd3 Rd6 27. Rcd1 g6 28. Qh3 c4 29. bxc4 Rxc4 30. Qxh6 d4 31. Ne2 Rc2 32. R3d2 dxe3 33. Rxd6 exf2+ 34. Kf1 1-0

[Event "ITA-ch U20"]
[Site "Porto San Giorgio"]
[Date "2004.08.23"]
[Round "4"]
[White "Oblak, Mitja"]
[Black "Bellemo, Davide"]
[Result "1/2-1/2"]
[WhiteElo "1556"]
[BlackElo "1712"]
[PlyCount "94"]
[EventDate "2004.08.20"]
[EventType "swiss"]
[EventRounds "9"]
[EventCountry "ITA"]
[SourceTitle "EXT 2005"]
[Source "ChessBase"]
[SourceDate "2004.11.15"]
[SourceVersion "1"]
[SourceVersionDate "2004.11.15"]
[SourceQuality "1"]

1. d4 d5 2. c4 e6 3. Nc3 Nf6 4. Bg5 Be7 5. Nf3 Nbd7 6. e3 c6 7. Be2 0-0 8. 0-0 Re8 9. a3 a5 10. Qc2 h6 11. Bh4 g5 12. Bg3 Bf8 13. h4 Nh5 14. hxg5 Nxg3 15. fxg3 hxg5 16. Kf2 Qf6 17. Rh1 Bh6 18. g4 Nb6 19. c5 Nd7 20. Rh5 e5 21. Rah1 Bg7 22. Qf5 exd4 23. exd4 Qxf5 24. gxf5 g4 25. Ne5 Nxe5 26. dxe5 Bxe5 27. Rg5+ Kf8 28. Bxg4 Bf6 29. Rgh5 Bd4+ 30. Kf1 Ke7 31. Rh7 Bd7 32. f6+ Bxf6 33. Bxd7 Kxd7 34. Rxf7+ Be7 35. Na4 Rf8 36. Rhh7 Ke6 37. Rxf8 Rxf8+ 38. Ke2 Rf4 39. Nb6 Bxc5 40. Nd7 Bg1 41. Kd3 Kd6 42. Nb8 b6 43. Rh6+ Kc7 44. Nxc6 Rg4 45. b4 a4 46. Ne7 Kb7 47. Rh3 Rxg2 1/2-1/2